000
00249nam a22001097a 4500
082
_a
621.902 HUN'S
100
_a
HUNT, D.W
_9
59272
245
_a
SHOP TOOLS CARE AND REPAIR
260
_a
NEWYORK
_b
D.VAN NOSTRAND
_c
1958
300
_a
252P
942
_c
BK
999
_c
569288
_d
569288